<?xml version="1.0" encoding="UTF-8"?>
<record
    xmlns:xsi="http://www.w3.org/2001/XMLSchema-instance"
    xsi:schemaLocation="http://www.loc.gov/MARC21/slim http://www.loc.gov/standards/marcxml/schema/MARC21slim.xsd"
    xmlns="http://www.loc.gov/MARC21/slim">

  <leader>01635nam a22001937a 4500</leader>
  <datafield tag="952" ind1=" " ind2=" ">
    <subfield code="0">0</subfield>
    <subfield code="1">0</subfield>
    <subfield code="2">lcc</subfield>
    <subfield code="4">0</subfield>
    <subfield code="7">0</subfield>
    <subfield code="a">08</subfield>
    <subfield code="b">08</subfield>
    <subfield code="d">2019-02-26</subfield>
    <subfield code="l">0</subfield>
    <subfield code="o">JC571 R579 2012</subfield>
    <subfield code="p">08 006881</subfield>
    <subfield code="r">2019-04-10</subfield>
    <subfield code="t">1</subfield>
    <subfield code="w">2019-04-10</subfield>
    <subfield code="y">LB</subfield>
  </datafield>
  <datafield tag="999" ind1=" " ind2=" ">
    <subfield code="c">104052</subfield>
    <subfield code="d">104052</subfield>
  </datafield>
  <controlfield tag="008">190410s2012    mx ||||| |||| 00| 0 spa d</controlfield>
  <datafield tag="020" ind1=" " ind2=" ">
    <subfield code="a">9786074016611</subfield>
  </datafield>
  <datafield tag="050" ind1="0" ind2="4">
    <subfield code="a">JC571</subfield>
    <subfield code="b">R579 2012</subfield>
  </datafield>
  <datafield tag="100" ind1=" " ind2="0">
    <subfield code="a">Rincon Covelli, Tatiana</subfield>
    <subfield code="e">autor</subfield>
  </datafield>
  <datafield tag="245" ind1="1" ind2="3">
    <subfield code="a">La justicia y las atrocidades del pasado</subfield>
    <subfield code="b">: teor&#xED;a y an&#xE1;lisis de la justicia transicional</subfield>
    <subfield code="c">/ Tatiana Rinc&#xF3;n Covelli; coord. Jes&#xFA;s Rodr&#xED;guez Zepeda</subfield>
  </datafield>
  <datafield tag="260" ind1=" " ind2=" ">
    <subfield code="a">M&#xE9;xico</subfield>
    <subfield code="b">: Universidad Aut&#xF3;noma Metropolitana, Unidad Iztapalapa; Divisi&#xF3;n de Ciencias Sociales y Humanidades; Porr&#xFA;a</subfield>
    <subfield code="c">, 2012</subfield>
  </datafield>
  <datafield tag="300" ind1=" " ind2=" ">
    <subfield code="a">427 p&#xE1;ginas</subfield>
  </datafield>
  <datafield tag="490" ind1=" " ind2=" ">
    <subfield code="a">( El Derecho)</subfield>
  </datafield>
  <datafield tag="505" ind1=" " ind2=" ">
    <subfield code="a">Estudio introductorio
La justicia transicional: una concepci&#xF3;n de la justicia que se hace cargo de atrocidades del pasado
En torno a la idea de responsabilidad pol&#xED;tica
Reflexiones sobre el legado de Nuremberg en contextos de victimizaci&#xF3;n horizontal 
Justicia y paz: los problemas de la justicia transicional en un contexto de guerra 
Un an&#xE1;lisis de las propuestas de paz en el gobierno de &#xC1;lvaro Uribe V&#xE9;lez y su impacto en las instituciones y cultura democr&#xE1;ticas en Colombia
Instituciones de justicia en transici&#xF3;n: las reformas al ministerio p&#xFA;blico en perspectiva comparada 
Verdad, memoria y democracia en sociedades en transici&#xF3;n
Agencia, inclusi&#xF3;n y el deber de recordar
Justicia transicional  y democracia 
Algunas reflexiones acerca del desarrollo de la justicia transicional: esbozo de una teor&#xED;a normativa de la justicia transicional </subfield>
  </datafield>
  <datafield tag="519" ind1=" " ind2=" ">
    <subfield code="a">Material Complementario /</subfield>
    <subfield code="d">(08 006881)</subfield>
  </datafield>
  <datafield tag="650" ind1=" " ind2="0">
    <subfield code="a">JUSTICIA TRANSICIONAL</subfield>
  </datafield>
  <datafield tag="700" ind1=" " ind2=" ">
    <subfield code="a">Rodr&#xED;guez Zepeda, Jes&#xFA;s</subfield>
    <subfield code="e">coord.</subfield>
  </datafield>
  <datafield tag="942" ind1=" " ind2=" ">
    <subfield code="c">LB</subfield>
    <subfield code="2">lcc</subfield>
  </datafield>
</record>
